Οικογενειακή γεωργία και αξιοποίηση παραγωγικών πόρων : μερικές πτυχές του προβλήματος στην Ελλάδα
Αποθηκεύτηκε σε:
| Κύριος συγγραφέας: | |
|---|---|
| Συγγραφή απο Οργανισμό/Αρχή: | |
| Μορφή: | Βιβλίο |
| Γλώσσα: | Greek |
| Δημοσίευση: |
Αθήνα :
Αγροτική Τράπεζα Ελλάδος,
1993
|
| Σειρά: | Μελέτες για την αγροτική οικονομία ;
; 47 |
| Θέματα: | |
| Ετικέτες: |
Προσθήκη ετικέτας
Δεν υπάρχουν, Καταχωρήστε ετικέτα πρώτοι!
|
MARC
| LEADER | 00000cam a2200000 i 4500 | ||
|---|---|---|---|
| 001 | 1/8587 | ||
| 008 | 000703s1993 gre d | ||
| 035 | |l 10062732 | ||
| 040 | |a GR-MY-UA |b gre |e aacr | ||
| 041 | 0 | |a gre | |
| 082 | 0 | |a 338.1609495 | |
| 100 | 1 | |a Μωυσίδης, Αντώνης. | |
| 110 | 2 | |a Αγροτική Τράπεζα Ελλάδος |b Διεύθυνση Μελετών και Προγραμματισμού. | |
| 245 | 1 | 0 | |a Οικογενειακή γεωργία και αξιοποίηση παραγωγικών πόρων : |b μερικές πτυχές του προβλήματος στην Ελλάδα / |c Αντώνης Μωυσίδης |
| 260 | |a Αθήνα : |b Αγροτική Τράπεζα Ελλάδος, |c 1993 | ||
| 300 | |a 124 σ. | ||
| 490 | 1 | |a Μελέτες αγροτικής οικονομίας |v ; 47 | |
| 650 | 0 | 0 | |a Agriculture |x Economic aspects |z Greece. |
| 830 | 0 | |a Μελέτες για την αγροτική οικονομία ; |v ; 47 | |
| 852 | |a INST |b CHIOS |e 20060517 |h 338.1609495 ΜΩΥ |p 005200024073 |q 005200024073 |t BK |y 0 | ||
| 852 | |a INST |b LESVOS |e 20000703 |h 338.1609495 ΜΩΥ |p 005100025745 |q 005100025745 |t BK |y 0 | ||
| 852 | |a INST |b LESVOS |e 20000703 |h 338.1609495 ΜΩΥ |p 005100025746 |q 005100025746 |t BK |y 0 | ||
| 901 | |a BIBL1-2000-2 | ||
| 901 | |a BIBL2-2006-2 | ||
| 909 | |a Λ |b 080602 | ||
| 909 | |a Λ |b 080603 | ||
| 909 | |a Χ |b 120018 | ||
| 970 | |a ΚΑΜΑΤΣΟΥ |b ΔΕΣΠΟΙΝΑ |z 2000/07/03 | ||